| 000 | 00464cam a2200169 a 4500 | ||
|---|---|---|---|
| 001 | 000001729 | ||
| 005 | 20200929145659.0 | ||
| 008 | 831130s1964 sp 000 d spa | ||
| 040 |
_aDO-SdBNP _bspa _cBNPHU |
||
| 082 |
_a862.3 _bB352 |
||
| 100 | 1 |
_aBauzá, Guillermo. _95625 |
|
| 245 | 1 | 3 |
_aLa loba / _cGuillermo Bauzá. |
| 260 |
_aBarcelona : _bRumbos, _c1964. |
||
| 300 |
_a98 p. ; _c22 cm. |
||
| 650 | 4 |
_aTeatro español _93071 |
|
| 650 | 4 |
_aLiteratura española _9632 |
|
| 999 |
_c1607 _d1607 |
||